Recent Advances in Analysis of Heat Transfer for Fin Type Surfaces /

Сохранить в:
Библиографические подробности
Главный автор: Sundén, Bengt (ed.)
Другие авторы: Heggs, Peter J. (edición) (edición)
Формат:
Язык:английский
Опубликовано: Southampton, Inglaterra : WIT, 2000, c2000
Серии:(International Series on Developments in Heat Transfer ; 5)
Предметы:
Метки: Добавить метку
Нет меток, Требуется 1-ая метка записи!

MARC

LEADER 00000nam^a2200000^a^4500
001 000149858
005 20250521000000.0
009 20260310100115.391
020 |a 1-85312-449-4 
037 |a Acervo ITESO - Biblioteca 
041 |a ING 
082 |a 621. 4022  |b SUN 
100 |a Sundén, Bengt  |e (ed.) 
245 1 0 |a Recent Advances in Analysis of Heat Transfer for Fin Type Surfaces /  |c Ed. de B. Sundén, P.J. Heggs. 
264 4 |a Southampton, Inglaterra :  |b WIT,  |c 2000, c2000 
300 |a XI, 293 p. 
336 |a texto  |b txt  |2 rdacontenido 
337 |a sin mediación  |b n  |2 rdamedio 
338 |a volumen  |b nc  |2 rdasoporte 
440 1 |a (International Series on Developments in Heat Transfer ;  |v 5) 
649 |a XX 
650 |a Intercambiadores de Calor 
650 |a Métodos de Simulación 
650 |a Transferencia de Calor 
650 |a Fenómenos de Transporte 
650 |a Dinámica de Fluidos 
650 |a Termodinámica 
650 |a Matemáticas de Ingeniería 
650 |a Ingeniería Química 
650 |a Ingeniería Térmica 
700 |a Heggs, Peter J.  |e (edición) 
910 |a Fondo General 
920 |a Impresos - Libros 
930 |a Colección General 
905 |a 101 
901 |a 0500079201  |b IT1  |c ACC  |u 20250521 
902 |a https://opac.biblio.iteso.mx/vufind/Record/000149858